| 000 | 00572nam a22001697a 4500 | ||
|---|---|---|---|
| 003 | NUST | ||
| 038 | _aNusrat Nadeem | ||
| 082 | _a200 | ||
| 100 |
_aArshad, Nauman _9122988 |
||
| 245 |
_aBENCHMARKING OF IMPORT CLEARANCE PROCESS OF US AND PAKISTAN TO FIND POTENTIAL IMPROVEMENTS/ _cNauman Arshad, |
||
| 264 |
_aIslamabad, _bNBS NUST, _c2024. |
||
| 300 |
_bill; _c30,cm. _a78,p; |
||
| 650 |
_aMS Operations and Supply Chain _9122989 |
||
| 700 |
_aSupervisor:Dr. Kamran Khalid _9123059 |
||
| 856 | _uhttp://10.250.8.41:8080/xmlui/handle/123456789/43515 | ||
| 942 |
_2ddc _cTHE |
||
| 999 |
_c609337 _d609337 |
||